Bibliografía ibérica del siglo XV (Record no. 77369)

MARC details
000 -LEADER
campo de control de longitud fija 00545nam a2200157 i 4500
001 - NÚMERO DE CONTROL
campo de control 77369
003 - IDENTIFICADOR DE NÚMERO DE CONTROL
campo de control ES-MaACL
007 - CAMPO FIJO DE DESCRIPCIÓN FÍSICA--INFORMACIÓN GENERAL
campo de control de longitud fija t|
008 - DATOS DE LONGITUD FIJA--INFORMACIÓN GENERAL
campo de control de longitud fija 041008m19031917gw ||||1| spa d
245 00 - MENCIÓN DEL TÍTULO
Título Bibliografía ibérica del siglo XV
Resto del título : enumeración de todos los libros impresos en España y Portugal hasta el año 1500 /
Mención de responsabilidad, etc. con notas críticas por Conrado Haebler.
260 ## - PUBLICACIÓN, DISTRIBUCIÓN, ETC.
Lugar de publicación, distribución, etc. Leipzig :
Nombre del editor, distribuidor, etc. Karl W. Hiersemmenn,
Fecha de publicación, distribución, etc. 1903-1917.
300 ## - DESCRIPCIÓN FÍSICA
Extensión 2 v. ;
Dimensiones 25 cm.
700 1# - ENTRADA AGREGADA--NOMBRE PERSONAL
Nombre de persona Haebler, Konrad.
9 (RLIN) 187917
852 ## - LOCALIZACIÓN
Ubicación ES-MaACL
Número de control de estantería B-4362-4363
Holdings
Estatus retirado Estado de pérdida Estado de daño No para préstamo Biblioteca de origen Biblioteca actual Ubicación en estantería Fecha de adquisición Fuente de adquisición Total de préstamos Signatura topográfica completa Código de barras Visto por última vez Precio de reemplazo Tipo de ítem Koha
        Biblioteca del Ateneo de Madrid Biblioteca del Ateneo de Madrid Sala Pardo Bazán 17/01/2008     B-4362-4363 1080950 23/02/2023 23/02/2023 Libro impreso